000 01116nam a22002657a 4500
003 OSt
005 20251017175446.0
008 240201b ||||| |||| 00| 0 eng d
040 _c0
082 _aDPer 621.317 Ie21 January 2022 v. 37 n. 1
100 _aDu, Qingxiao.
_eauthor.
_951129
245 _aDiode open-circuit fault research on the parallel-connected 24-pulse rectifier with DC-side passive harmonic reduction circuit /
_cQingxiao Du, Lei Gao, Wei Liu, Xinyu Yin, and Fangfang Meng.
260 _aNew York ;
_bThe Institute of Electrical and Electronics Engineers, Inc. ,
_cJanuary 2022.
300 _aVolume 37, pages 6821-6830 :
_billustration ;
_c29 cm.
500 _aIEEE Transactions on Power Electronics, vol. 37, no. 6, pages 6821-6830, June 2022.
650 0 _a24-pulse rectifier.
_965857
650 0 _aRectifiers.
_965858
650 0 _aWindings.
_965851
700 _aDu, Qingxiao.
_eauthor.
_951129
700 _aGao, Lei.
_eauthor.
_951130
700 _aLiu, Wei.
_eauthor.
_951131
700 _aYin, Xinyu.
_eauthor.
_951132
700 _aMeng, Fangfang.
_eauthor.
_951133
942 _2ddc
_cPER
999 _c18860
_d18860